Music of the distant stars #3 / Alys Clare.
Available copies
- 1 of 1 copy available at LARL/NWRL Consortium.
- 1 of 1 copy available at Northwest Regional Library. (Show preferred library)
Current holds
0 current holds with 1 total copy.
Show All Copies
| Location | Call Number / Copy Notes | Barcode | Shelving Location | Status | Due Date |
|---|---|---|---|---|---|
| Hallock Public Library | CLA (Text) | 35500004759997 | Main | Available | - |
Record details
- ISBN: 9780727869418 (hbk.)
- ISBN: 0727869418 (hbk.)
- Physical Description: p. cm.
- Publisher: Sutton : Severn House, 2010.
Search for related items by subject
| Subject: | Adult Mystery Fens, The (England) > Fiction. Great Britain > History > Norman period, 1066-1154 > Fiction. |
| Genre: | Detective and mystery stories. |
Search for related items by series
| LDR | 01325cam a22003738a 4500 | ||
|---|---|---|---|
| 001 | 119451 | ||
| 003 | LARL_NWRL_CONSORTIUM | ||
| 005 | 20100617103034.0 | ||
| 008 | 100319s2010 enk 000 f eng | ||
| 015 | . | ‡aGBB058137 ‡2bnb | |
| 016 | 7 | . | ‡a015545555 ‡2Uk |
| 020 | . | ‡a9780727869418 (hbk.) | |
| 020 | . | ‡a0727869418 (hbk.) | |
| 035 | . | ‡a(OCoLC)613435046 | |
| 040 | . | ‡aUKM ‡cUKM ‡dBTCTA | |
| 082 | 0 | 4. | ‡a823.92 ‡222 |
| 100 | 1 | . | ‡aClare, Alys. ‡0(LARL_NWRL_CONSORTIUM)135440 |
| 245 | 1 | 0. | ‡aMusic of the distant stars ‡n#3 / ‡cAlys Clare. |
| 260 | . | ‡aSutton : ‡bSevern House, ‡c2010. | |
| 300 | . | ‡ap. ‡ccm. | |
| 490 | 0 | . | ‡aAelf Fen ; ‡v3 |
| 650 | . | ‡aAdult Mystery | |
| 651 | 0. | ‡aFens, The (England) ‡vFiction. | |
| 651 | 0. | ‡aGreat Britain ‡xHistory ‡yNorman period, 1066-1154 ‡vFiction. | |
| 655 | 0. | ‡aDetective and mystery stories. | |
| 948 | . | ‡hNO HOLDINGS IN LAL - 5 OTHER HOLDINGS | |
| 994 | . | ‡aZ0 ‡bLAL | |
| 901 | . | ‡a119451 ‡bOCLC ‡c119451 ‡tbiblio | |

Add to basket
Permalink
Disable Highlighting